LIBRARY & INFORMATION CENTRE, KCAET, TAVANUR

ONLINE PUBLIC ACCESS CATALOGUE (OPAC)

History of England / (Record no. 685)

MARC details
000 -LEADER
fixed length control field 00465cam a2200181ua 4500
041 ## - LANGUAGE CODE
Language code of text/sound track or separate title eng
082 ## - DEWEY DECIMAL CLASSIFICATION NUMBER
Classification number 941
Item number RIC/HI
100 ## - MAIN ENTRY--AUTHOR NAME
Personal name Rickard, J.A .
245 ## - TITLE STATEMENT
Title History of England /
250 ## - EDITION STATEMENT
Edition statement 11 /
260 ## - PUBLICATION, DISTRIBUTION, ETC. (IMPRINT)
Place of publication Newyork :
Name of publisher Barnes & Noble Inc ,
Year of publication 1960.
300 ## - PHYSICAL DESCRIPTION
Number of Pages 260 ; .
490 0# - SERIES STATEMENT
Series statement College outline series,
Volume number/sequential designation
942 ## - ADDED ENTRY ELEMENTS (KOHA)
Koha item type Books
Holdings
Withdrawn status Lost status Damaged status Home library Current library Date acquired Full call number Accession Number Koha item type
Withdrawn     KAUAET Malayalam University 07/04/2012 941 3119 Books
free website counter